Statistics for Random Thing's, logo's, or people by picture

Click here to take the quiz!

General Stats

  • This quiz has been taken 238 times
  • The average score is 11 of 15

Answer Stats

Answer% Correct
McDonalds
96%
Wolf
93%
Gold
91%
PlayStation
86%
John F Kennedy
83%
Gatorade
77%
Chicago Bulls
74%
Lamborghini
73%
Thor
71%
Fruit Loops
69%
Candy Corn
68%
Lionel Messi
65%
Cleveland Browns
38%
Ohio
37%
USA Flag
36%

Score Distribution

Percentile by Number Answered

Percent of People with Each Score

Your Score History

You have not taken this quiz